Most Freekick Goals by Soccer Player - Statistics

General Stats
  • This quiz has been taken 116 times
  • The average score is 6 of 13
Answer Stats
Freekicks Nationality Answer % Correct
65 Argentina Lionel Messi
96%
60 Portugal Cristiano Ronaldo
93%
70 Brazil Pele
79%
66 Brazil Ronaldinho
73%
65 England David Beckham
69%
62 Argentina Diego Maradona
69%
77 Brazil Juninho
60%
62 Brazil Zico
34%
60 Netherlands Ronald Koeman
32%
59 Brazil Rogério Ceni
15%
59 Brazil Marcelinho Carioca
4%
66 Argentina Victor Legrotaglie
2%
57 Greece Kostas Frantzeskos
1%
No matching quizzes found
Score Distribution
Percent of People with Each Score
Percentile by Number Answered
Your Score History
You have not taken this quiz